Nghiên cứu xác định thành phần hoá học có trong một số dịch chiết của hạt quả bơ ở Đăk Lăk
Tổng quan; Các nghiên cứu thực nghiệm; Kết quả và thảo luận...
Salvato in:
| Autore principale: | |
|---|---|
| Altri autori: | |
| Natura: | Libro |
| Pubblicazione: |
Đà Nẵng
Đại học Đà Nẵng
2012
|
| Soggetti: | |
| Tags: |
Aggiungi Tag
Nessun Tag, puoi essere il primo ad aggiungerne! !
|
| Thư viện lưu trữ: | Mạng thư viện Đại học Đà Nẵng |
|---|
| LEADER | 01483nam a2200313 4500 | ||
|---|---|---|---|
| 001 | 000017788 | ||
| 003 | 14214 | ||
| 005 | 20130830150842.0 | ||
| 008 | 130604s2012 sd | ||
| 082 | |a 660.2 |b NG-L | ||
| 100 | |a Lê Thị Tuyết Ngân | ||
| 245 | |a Nghiên cứu xác định thành phần hoá học có trong một số dịch chiết của hạt quả bơ ở Đăk Lăk |c Lê Thị Tuyết Ngân ; Lê Tự Hải hướng dẫn. |k Luận văn Thạc sĩ | ||
| 260 | |a Đà Nẵng |b Đại học Đà Nẵng |c 2012 | ||
| 300 | |a 79 tr., phụ lục 9 tr. |b Hình mh. |c 29 cm. | ||
| 500 | |a Luận văn thạc sĩ Khoa học. Chuyên ngành: Hóa hữu cơ. Mã số: 60.44.27. | ||
| 520 | |a Tổng quan; Các nghiên cứu thực nghiệm; Kết quả và thảo luận... | ||
| 650 | 0 | 4 | |a Vỏ cây đước |v Luận văn tốt nghiệp |x Chiết tách tanin |x Nghiên cứu |
| 653 | |a Hóa hữu cơ |a Chiết tách tanin |a Vỏ cây đước | ||
| 700 | |a Lê Tự Hải |c PGS.TS |e Hướng dẫn | ||
| OWN | |a LSP | ||
| AVA | |a UDN50 |b LSP |d 660.2 NG-L |e available |t Error 5001 Not defined in file expand_doc_bib_avail. |f 1 |g 0 |h N |i 0 |k 1 | ||
| 999 | |a From the UDN01 | ||
| AVA | |a UDN50 |b LSP |d 660.2 NG-L |e available |t Error 5001 Not defined in file expand_doc_bib_avail. |f 1 |g 0 |h N |i 0 |k 1 | ||
| TYP | |a Monograph | ||
| TYP | |a Printed language | ||
| 980 | |a Mạng thư viện Đại học Đà Nẵng | ||